000 00253nam a2200097Ia 4500
001 681394
005 20250826161359.0
008 250824s9999 xx 000 0 und d
245 0 _aKÖMÜR KARASI ÇOCUK
_cMÜGE İPLİKÇİ
260 _bGÜNIŞIĞI YAYINLARI
999 _c681394
_d681394